Sports Quiz

Random Sports or Decade Quiz

NFL Passing Yards Leaders by Decade Quiz Stats

Quiz Updated Jul 17, 2014

Challenge
Share
Tweet
Embed
Score 0/35 Timer 08:00
0 Plays Today
Decade Answer % Correct
2000-09Peyton Manning
97.9%
2000-09Tom Brady
94%
1980-89Joe Montana
90.7%
1990-99Brett Favre
90.5%
2000-09Brett Favre
90.5%
1980-89Dan Marino
89.8%
1990-99Dan Marino
89.8%
2000-09Drew Brees
83.4%
1990-99John Elway
79.7%
1970-79Terry Bradshaw
74.8%
1990-99Troy Aikman
71.6%
1960-69Johnny Unitas
70.7%
1990-99Warren Moon
66.8%
1970-79Roger Staubach
64.7%
2000-09Donovan McNabb
62.4%
1960-69Fran Tarkenton
61.6%
1970-79Fran Tarkenton
61.6%
1980-89Dan Fouts
60%
Decade Answer % Correct
1980-89Phil Simms
50.6%
1950-59Y.A. Tittle
46.8%
1940-49Otto Graham
37.5%
1940-49Sammy Baugh
36.3%
1970-79Ken Anderson
34.4%
1960-69Sonny Jurgensen
25.4%
1950-59Norm Van Brocklin
24.8%
1940-49Sid Luckman
22.4%
1950-59Bobby Layne
18.6%
1970-79Jim Hart
17.2%
1960-69John Brodie
15.2%
1980-89Neil Lomax
14.6%
1940-49Bob Waterfield
8.3%
1960-69Norm Snead
7.3%
1950-59Charlie Conerly
4.3%
1950-59Tobin Rote
3.6%
1940-49Tommy Thompson
3.4%

You're not logged in!

Compare scores with friends on all Sporcle quizzes.
Sign Up with Email
OR
Log In

You Might Also Like...

Show Comments

Extras

Top Quizzes Today


Score Distribution

Your Account Isn't Verified!

In order to create a playlist on Sporcle, you need to verify the email address you used during registration. Go to your Sporcle Settings to finish the process.